000 00408nam a2200169Ia 4500
008 210716s1978 xx 000 0 und d
020 _a0870941542
041 _aeng
082 _a334.2 BAUW
100 _aBaughn, William H; Walker, Charles E.
245 _aBanker's handbook.
250 _a1
260 _aHomewood
_c1978
300 _axxxiv,1205
650 _aBanking
700 _aBaughn, William H.
999 _c202256
_d202256